| 000 | 00389nam a22001577a 4500 | ||
|---|---|---|---|
| 003 | SGT | ||
| 020 | _a978-81-8473-920-6 | ||
| 082 |
_a617.6342 _bE13S |
||
| 100 | _aSINGH,HARPREET | ||
| 245 | _aESSENTIALS OF PRECLINICAL CONSERVATIVE DENTISTRY. | ||
| 250 | _a1ST | ||
| 260 |
_aGURGAON _bWOLTER KLUWER HEALTH _c2013 |
||
| 300 | _a440 | ||
| 650 | _aCONSERVATIVE DENTISTRY | ||
| 942 |
_2ddc _cBK |
||
| 999 |
_c10857 _d10857 |
||